food and beverage service(9th ed (Record no. 416992)

MARC details
000 -LEADER
fixed length control field 00226nam a2200097Ia 4500
008 - FIXED-LENGTH DATA ELEMENTS--GENERAL INFORMATION
fixed length control field 230605s9999 xx 000 0 und d
041 ## - LANGUAGE CODE
Language code of text/sound track or separate title eng
100 ## - MAIN ENTRY--PERSONAL NAME
Personal name lilicrap
245 ## - TITLE STATEMENT
Title food and beverage service(9th ed
650 ## - SUBJECT ADDED ENTRY--TOPICAL TERM
Topical term or geographic name entry element F. B.

No items available.